| 000 | 00605nam a22002537a 4500 | ||
|---|---|---|---|
| 003 | UA-OsUOA | ||
| 001 | 26554 | ||
| 007 | ta | ||
| 008 | 20040607b un ||||| |||| 00| 0 ukr d | ||
| 100 | _aГродзинський Д.М. | ||
| 090 |
_a577.34(075) _bГ86 |
||
| 942 | _cBK | ||
| 040 |
_aUA-OsUOA _bukr _cUA-OsUOA _dUA-OsUOA |
||
| 245 |
_aРадіобіологія _bПідручник |
||
| 300 | _a448 с. | ||
| 955 | _a0 | ||
| 041 | _aukr | ||
| 080 | _a577.34(075) | ||
| 020 | _a966-06-0143-3 | ||
| 260 |
_aКиїв _bЛибідь _c2000 |
||
| 044 | _aUA | ||
| 650 | 7 | _2UDC | |
| 999 |
_c312879 _d312879 |
||